Elastic beam calculations handbook (Record no. 140868)
[ view plain ]
| 000 -LEADER | |
|---|---|
| fixed length control field | 01504nam a2200349 a 4500 |
| 082 04 - DEWEY DECIMAL CLASSIFICATION NUMBER | |
| Classification number | 624.1/7723 |
| 100 1# - MAIN ENTRY--AUTHOR NAME | |
| Personal name | Chyu, Jih-Jiang. |
| 245 10 - TITLE STATEMENT | |
| Title | Elastic beam calculations handbook |
| 260 ## - PUBLICATION, DISTRIBUTION, ETC. (IMPRINT) | |
| Place of publication | Fort Lauderdale, Fla. : |
| Name of publisher | J. Ross Pub., |
| Year of publication | c2009. |
| 300 ## - PHYSICAL DESCRIPTION | |
| Number of Pages | xiii, 320 p. : |
| Other physical details | ill. |
| 500 ## - GENERAL NOTE | |
| General note | Includes index. |
| 505 0# - FORMATTED CONTENTS NOTE | |
| Formatted contents note | Basic theory -- Simple beams : an introduction to the general approach -- Continuous beams -- Beams on elastic foundations -- Cantilevers -- Examples of beam formulae : explorations and commentary. |
| 650 #0 - SUBJECT ADDED ENTRY--TOPICAL TERM | |
| Topical Term | Elastic analysis (Engineering) |
| Topical Term | Girders |
| Topical Term | Engineering mathematics |
| 856 40 - ELECTRONIC LOCATION AND ACCESS | |
| Uniform Resource Identifier | http://site.ebrary.com/lib/rucke/Doc?id=10520057 |
No items available.
